000
00212nam a2200097Ia 4500
008
190216s9999||||xx |||||||||||||| ||und||
100
_a
Narayanan C
245
0
_a
Elements Of Economics
260
_b
Null
942
_c
BK
999
_c
9156
_d
9156